00652nam a2200169 a 450000100100000000500170001000800410002704000250006808200080009310000320010124500970013326000710023030000210030170000350032295201080035799900170046500003953820201002031708.0130705s1986 dr 000 0 spa d aDO-SdBNPbspacBNPHU axxx1 aCross Beras, Julio A.9690410aLiderazgo opinión pública y población /cJulio A. Cross Beras, Maritza Molina Achecar. aSanto Domingo :bConsejo Nacional de Población y Familia,c1986. a153 p. :b28 cm.1 aMolina Achecar, Maritza910841 0010718PDaPDbPDcCTd2013-07-05iLF1l0oxxx p39538-10r2020-06-25w2020-06-25yLFPDZNo se presta c39028d39028